00983nam a22002415b 4500001000200000003000900002005001700011008003600028017000900064020001500073040002800088082002800116100002900144245015900173246003800332260005300370300002800423490005700451600011900508650003600627650003700663700004100700 DO-SdBPM20250113124816.0920624s1992 sp | |||| ||spa  a b  a8447100022 aDO-SdBPMbspacBPMSUe  4aCo863.6bH731i 19922221 aHolguín, Elvirad1960-14aLas increíbles aventuras de Don Quijote /cde Miguel de Cervantes ; adaptación textos, Elvira Holguín ; ilustraciones de Miguel Díaz ... et al.h 12aDon Quijote es armando caballero  aSant Boi de Llobregat, BarcelonabSalvat,c1992- a 25]; p. bil. c28 cm 4aDon Quijoete es armando caballero de la Mancha , v214aCervantes Saavedra, Miguel ded1547-1616 tLas increíbles aventuras de Don Quijote xAdaptaciones infantiles 2  4aCuentos infantiles colombianos  4aLibros ilustrados para niños 1 aDíaz, Miguelbiustraciones d1930-